Aaron T. Beck
Αποθηκεύτηκε σε:
| Κύριος συγγραφέας: | |
|---|---|
| Μορφή: | Βιβλίο |
| Γλώσσα: | English |
| Δημοσίευση: |
London :
Sage Publications,
c1993
|
| Σειρά: | Key figures in counselling and psychotherapy
|
| Θέματα: | |
| Ετικέτες: |
Προσθήκη ετικέτας
Δεν υπάρχουν, Καταχωρήστε ετικέτα πρώτοι!
|
MARC
| LEADER | 00000nam a2200000 i 4500 | ||
|---|---|---|---|
| 001 | 1/103136 | ||
| 008 | 000301s1993 eng d | ||
| 020 | |a 0-8039-8564-9 | ||
| 035 | |l 10058355 | ||
| 040 | |a GR-MY-UA |b gre |e aacr | ||
| 041 | 0 | |a eng | |
| 082 | 0 | |a 616.89142092 | |
| 100 | 1 | |a Weishaar, Marjorie E. | |
| 245 | 1 | 0 | |a Aaron T. Beck / |c Marjorie E. Weishaar |
| 260 | |a London : |b Sage Publications, |c c1993 | ||
| 300 | |a 180 p. | ||
| 490 | 1 | |a Key figures in counselling and psychotherapy | |
| 504 | |a Includes bibliographical references and index | ||
| 600 | 1 | 0 | |a Beck Aaron T. |
| 650 | 0 | 0 | |a Cognitive therapy |x History. |
| 830 | 0 | |a Key figures in counselling and psychotherapy | |
| 852 | |a INST |b LESVOS |e 20000301 |h 616.89142092 WEI |p 005100020678 |q 005100020678 |t BK |y 0 | ||
| 901 | |a BIBL1-2000-1 | ||
| 909 | |a Λ |b 073200 | ||
| 922 | |a 1ΕΛΗ |b 199912 |c ΚΠΣ/ΤΚ |d GLORY | ||
| 950 | |a 103-1999-12-8 | ||
| 970 | |a ΤΖΑΦΕΡΗ |b ΕΥΑΓΓΕΛΙΑ |z 2000/03/22 | ||